| 000 | 00481nam a22001697a 4500 | ||
|---|---|---|---|
| 999 |
_c18314 _d18314 |
||
| 008 | 200721b xxu||||| |||| 00| 0 eng d | ||
| 020 | _a0980232776 | ||
| 040 |
_aKABU _cKABU |
||
| 050 |
_aQA184 _b.S77 2016 c. 1 |
||
| 100 | _aStrang, Gilbert | ||
| 245 |
_aIntroduction to linear algebra _cGilbert Strang |
||
| 250 | _a5th ed. | ||
| 260 |
_aWellesley MA _bWellesley - Cambridge Press _c2016 |
||
| 300 | _ax, 573 p. | ||
| 650 | _aAlgebras, Linear | ||
| 942 |
_2lcc _cBK _hQA184 |
||